Online Catalogue and eLibrary

Birds in the cage : (Record no. 1345)

MARC details
000 -LEADER
fixed length control field 00511nam a2200169Ia 4500
005 - DATE AND TIME OF LATEST TRANSACTION
control field 20240717013213.0
008 - FIXED-LENGTH DATA ELEMENTS--GENERAL INFORMATION
fixed length control field 240331s9999 xx 000 0 und d
020 ## - INTERNATIONAL STANDARD BOOK NUMBER
ISBN 9628576879
082 ## - DDC Classification
Item Number - Author Mark Bir
Class No. 200
100 ## - MAIN ENTRY--PERSONAL NAME
Personal name Peace commission of the Hong Kong
245 #0 - TITLE STATEMENT
Title Birds in the cage :
Remainder of title freedom of religious beliefs in China
260 ## - PUBLICATION, DISTRIBUTION, ETC.
Place of publication, distribution, etc. Hong Kong
Name of publisher, distributor, etc. Justice and Peace Commission of the Hong Kong Catholic Diocese
Date of publication, distribution, etc. 2004
300 ## - PHYSICAL DESCRIPTION
Extent (e.g. Volumes, Pages etc.) 108 p .,
650 ## - SUBJECT ADDED ENTRY--TOPICAL TERM
Topical term or geographic name entry element Religious
650 ## - SUBJECT ADDED ENTRY--TOPICAL TERM
Topical term or geographic name entry element Republic of China
942 ## - Koha item type (Biblio)
Koha item type Books in Stacks (Lending)
Holdings
Lost status Damaged status Collection code Home library Current library Shelving location Date acquired Full call number Accession Number Item type
    Lending WERC Library WERC Library Social Science Cupboard 03/31/2024 200 Bir 5732 Books in Stacks (Lending)

© WERC Library